000 00961cam a2200301 i 4500
001 18673
003 CO-MdFUSB
005 20220813101028.0
008 220813t2012 sp |||| |||| 00| 0 spa d
020 _a978-84-249-2599-4
040 _bspa.
_aCO-MdFUSB
_cCO-MdFUSB
_dCO-MdFUSB
_erda
041 _aspa
082 _aO969m v.2
084 _qCO-MdFUSB
100 1 _aOvidio Nasón, Publio
_eAutor
245 1 0 _aMetamorfosis : Libros VI-X / Publio Ovidio Nasón ; traducción y notas por José Calos Fernández Corte & Josefa Cantó Llorca
_c/
264 1 _aEspaña :
_bGredos,
_c© 2012
264 4 _c© 2012
300 _a204 páginas
_c;
336 _2rdacontent
_atexto
_btxt
337 _2rdamedia
_asin mediación
_bn
338 _2rdacarrier
_avolumen
_bnc
501 _apasta dura
505 _aLibro VI -- Libro VII -- Libro VIII -- Libro IX -- Libro X
650 1 4 _aMITOLOGIA - CLASICOS \ OBRA CLASICA
942 _cBK
945 _aestudiante
999 _c45086
_d45086